000
00296nam a22001337a 4500
008
170831b xxu||||| |||| 00| 0 eng d
020
_a
2900495166299
041
_a
eng
080
_a
070
100
_a
40
101
_a
MED
245
_a
WRITING AND REPORTING NEWS
_c
RICH.C
942
_2
udc
_c
BK
999
_c
25898
_d
25898